00345 a2200109 4500000002500000100002800025110002800053245007500081250001900156260003000175264003000205 nam a22 7a 4500 aJagirdar, Md. Ataullah  aJagirdar, Md. Ataullah  aPhysiotherapy, Health, First Aid and Kinesiology in Physical Education aLatest edition bKhel Sahitya Kendrac2025 bKhel Sahitya Kendrac2025